Premeny vedomia občanov Slovenska na prelome tisícročia

Príspevok analyzuje obraz stavu slovenskej spoločnosti v očakávaniach občanov Slovenska v súvislostiach s prehlbovaním integračných a demokratizačných procesov a adaptáciou ekonomických a politických štruktúr Slovenska na problémy nového storočia na základe výsledkov výskumov, mapujúcich obraz občan...

Full description

Saved in:
Bibliographic Details
Main Author: Plávková, Oľga
Format: Book Chapter
Language:Slovak
Subjects:
Tags: Add Tag
No Tags, Be the first to tag this record!

MARC

LEADER 00000naa$a2200000$$$4500
001 0121015
005 20240502072356.3
041 0 |a slo 
044 |a SK 
245 1 0 |a Premeny vedomia občanov Slovenska na prelome tisícročia  |c Oľga Plávková 
520 |a Príspevok analyzuje obraz stavu slovenskej spoločnosti v očakávaniach občanov Slovenska v súvislostiach s prehlbovaním integračných a demokratizačných procesov a adaptáciou ekonomických a politických štruktúr Slovenska na problémy nového storočia na základe výsledkov výskumov, mapujúcich obraz občanov Slovenska o spoločenskej realite v konfrontácii s občanmi z ostatných štátov Európskej únie. 
610 2 0 |a Európska únia 
610 2 0 |a Slovensko 
610 2 0 |a občania 
610 2 0 |a vedomie spoločenské 
610 2 0 |a postoje 
100 1 |a Plávková, Oľga